|
|
|
|
| LEADER |
00000cam a2200000 a 4500 |
| 001 |
vtls001238070 |
| 003 |
SK-MaSNL |
| 005 |
20260301064040.0 |
| 008 |
240314s1993 xo a g 6 000 c cze |
| 015 |
|
|
|a SNBPZA1993/02
|
| 020 |
|
|
|a 8071471688
|q (brož.)
|
| 035 |
|
|
|a SNK000185079
|
| 035 |
|
|
|a urn:nbn:sk:snk-amlkh3
|
| 035 |
|
|
|a urn:nbn:sk:snk-am00bpea
|
| 035 |
|
|
|a 9C430220-9B41-4A61-90C1-207039E33BB3
|
| 040 |
|
|
|a SNK
|b slo
|c SNK
|e AACR2
|
| 041 |
1 |
|
|a cze
|h eng
|
| 044 |
|
|
|a xo
|c SK
|
| 080 |
|
|
|a 087.5(084)=850
|2 1981
|
| 080 |
|
|
|a (084.1)
|2 2011
|
| 100 |
1 |
|
|a Thomas, Roy,
|d 1940-
|4 aut
|4 edt
|4 sce
|9 194124
|
| 245 |
1 |
0 |
|a Conan Barbar 9
|h grafika
|c scénarista - editor Roy Thomas a výtvarník Tony Dezuniga ; kolorista George Roussos ; poradce editora Jim Shooter ; z angličtiny přeložil K. Blažek
|
| 260 |
|
|
|a Bratislava
|b Semic-Slovart
|c 1993
|e Budapešť
|f Semic Interprint
|
| 300 |
|
|
|a 29 s.
|c 26 x 17 cm
|
| 500 |
|
|
|a Obsahuje 2 diela
|
| 500 |
|
|
|a Na strane č. 1 a 13 uvedené: "Stan Lee: Conan Barbar TM"
|
| 500 |
|
|
|a Na strane č. 1 uvedené: "Upraveno z příběhu Björna Nyberga"
|
| 500 |
|
|
|a Na strane č. 1 uvedené: "Hrdiny vytvořil Robert E. Howard"
|
| 500 |
|
|
|a Na strane č. 13 uvedené: "Roy Thomas autor a editor John Buscema & Ernie Chan ilustrátoři / vypravěči John Constanza textař G. Roussos kolorista Jim Shooter poradce editora"
|
| 500 |
|
|
|a Na strane č. 13 uvedené: "Postavy vytvořil Robert E. Howard"
|
| 655 |
|
7 |
|a komiksy
|2 SNKPH
|9 70703
|
| 655 |
|
7 |
|a kreslené seriály
|2 SNKPH
|9 60446
|
| 655 |
|
7 |
|a literatúra pre mládež
|2 SNKPH
|9 89423
|
| 655 |
|
7 |
|a Comics
|2 SNKPH
|9 284578
|
| 655 |
|
7 |
|a Youth's literature
|2 SNKPH
|9 284579
|
| 700 |
1 |
|
|a Blažek, Karel,
|d 1948-
|4 trl
|9 131867
|
| 700 |
1 |
|
|a DeZuniga, Tony,
|d 1932-2012
|4 ill
|9 380729
|
| 700 |
1 |
|
|a Buscema, John,
|d 1927-2002
|4 ill
|9 255223
|
| 700 |
1 |
|
|a Chan, Ernie,
|d 1940-2012
|4 ill
|9 253426
|
| 700 |
1 |
|
|a Roussos, George,
|d 1915-2000
|4 ill
|9 253431
|
| 700 |
1 |
|
|a Constanza, John,
|d 1943-
|4 aut
|9 380730
|
| 700 |
1 |
|
|a Shooter, Jim,
|d 1951-
|4 edt
|9 284598
|
| 700 |
1 |
2 |
|i Na motívy:
|a Howard, Robert E.,
|d 1906-1936
|9 167036
|
| 700 |
1 |
2 |
|i Na motívy:
|a Nyberg, Björn,
|d 1929-2004
|9 380731
|
| 740 |
0 |
2 |
|a Horští démoni
|
| 740 |
0 |
2 |
|a Královna pirátů
|
| 852 |
|
|
|a Slovenská národná knižnica
|
| 919 |
|
|
|a 80-7147-168-8
|
| 954 |
|
|
|a ilustrované knihy, leporelá, komiksy cudzojazyčné (svetové)
|2 lita
|
| 958 |
|
|
|a OND
|
| 958 |
|
|
|a DB
|
| 958 |
|
|
|a LX
|
| 968 |
|
|
|a ENG
|
| 999 |
|
|
|c 625721
|d 627651
|
| 952 |
|
|
|a SNK
|b SNK
|y PREZ
|7 0
|p 17A0804311
|o snkSB 49613/9
|i snkKSP 2600/93
|0 0
|1 0
|4 0
|d 2013-05-24
|f 1
|l 0
|r 2025-02-28 00:00:00
|w 2026-02-23
|
| 952 |
|
|
|a SNK
|b SNK
|y VYP
|7 0
|p 17A1318007
|o snkSB 49613/9 D1
|i snkKSP 2601/93
|0 0
|1 0
|4 0
|d 2013-05-24
|l 0
|r 2026-02-23 17:09:13
|w 2026-02-23
|